000 00677cam a22001691 4500
082 _a358.271
_bKER
100 1 _aKerry, Armine John,
_948963
245 1 4 _aThe history of the Corps of Royal Canadian Engineers,
_cby A.J. Kerry and W.A. McDill. Maps drawn by P. Heinrichs.
260 _aOttawa,
_bMilitary Engineers Association of Canada,
_c1962-66.
300 _a2 v.
_billus., coats of arms, maps (part. fold., part col.) port.
_c26 cm.
505 1 _av. 1. 1749-1939.--v. 2. 1936-1946.
526 _a0
_b0
_c0
_d358_271000000000000_KER
650 _aMCE
_9379
700 1 _aMcDill, W. A.,
_948964
710 2 _aMilitary Engineers Association of Canada.
_948965
942 _2ddc
_cBK
999 _c551808
_d551808